000 00421nam a22001697a 4500
003 NUST - PNEC
005 20170116181145.0
008 151012b xxu||||| |||| 00| 0 eng d
020 _a0553171380
040 _cLIBRARY
082 _a338.7629 IAC
100 _914963
_aIacocca lee
245 _aIacocca : an autobiography
_cIacocca
260 _cc1984.
650 _914964
_aUnited States
_xGeneral
942 _2ddc
_cBK
999 _c70683
_d70683